000 00535nmm a2200169Ia 4500
008 251105s9999||||xx |||||||||||||||||und||
020 _a9788499406220
041 _aspa
100 _aArana Cañedo-Argüelles, Juan
245 0 _aFalsos saberes : la suplantación del conocimiento en la cultura contemporánea
264 _a[Madrid, España] :
_bBiblioteca Nueva,
_c2013
300 _a317 páginas
490 _aFronteras
650 _aPhilosophy, Ethics
856 _uhttps://public.digitaliapublishing.com/a/23536
942 _cCF
999 _c92751
_d92751